| 000 | 00636nam a2200277Ia 4500 | ||
|---|---|---|---|
| 001 | Z_3234 | ||
| 003 | CHAP | ||
| 008 | 220113s1999 xx 000 0 und d | ||
| 010 | _a166342 | ||
| 040 | _cCHAP | ||
| 082 | _a860 P38 | ||
| 100 |
_aPaso, Fernando del _985865 |
||
| 245 |
_aNoticias del imperio / _cpor Fernando del Paso |
||
| 260 |
_aMéxico, D. F. : _bPlaneta, _c1999 |
||
| 300 | _a670 p. | ||
| 440 |
_aNarrativa actual mexicana _9139932 |
||
| 500 | _a | ||
| 503 | _a | ||
| 650 | _aLiteratura mexicana I. t. | ||
| 901 | _a860 P38 | ||
| 902 | _aA | ||
| 910 | _a1999 | ||
| 942 | _c1 | ||
| 942 | _cc1 | ||
| 999 |
_c166342 _d166342 |
||